| 000 | 01198cam a2200349 a 4500 | ||
|---|---|---|---|
| 999 |
_c9976 _d9976 |
||
| 001 | 9976 | ||
| 003 | BD-JhCC | ||
| 005 | 20180403203244.0 | ||
| 008 | 180403s1985 ilua j 001 0 eng | ||
| 020 | _a0673221083 | ||
| 035 | _a(BD-JhCC)9976 | ||
| 040 |
_aDLC _cDLC _dDLC _dBD-JhCC |
||
| 041 | _aeng | ||
| 050 | 0 | 0 |
_aE161.5 _b.S37 1985 |
| 082 | 0 | 0 |
_a973 _219 _bSCH 1985 |
| 100 | 1 | _aSchreiber, Joan E. | |
| 245 | 1 | 0 |
_aRegions of our country and our world / _cauthors of this edition, Joan Schreiber, Kathleen Kain. |
| 250 | _aIndiana ed. | ||
| 260 |
_aGlenview, Ill. : _bScott, Foresman, _cc1985. |
||
| 300 |
_a384 p. : _bill. (some col.) ; _c27 cm. |
||
| 440 | 0 | _aScott, Foresman social studies | |
| 520 | _aA social studies textbook on the fourth grade level with an overview of the United States and selected regions of the world and with a special section on Indiana. | ||
| 650 | 0 |
_aGeography _xJuvenile literature. |
|
| 650 | 1 | _aGeography. | |
| 651 | 0 |
_aUnited States _xGeography _xJuvenile literature. |
|
| 651 | 0 |
_aIndiana _xGeography _xJuvenile literature. |
|
| 651 | 1 | _aUnited States. | |
| 651 | 1 | _aIndiana. | |
| 700 | 1 | _aKain, Kathleen. | |
| 942 |
_2ddc _cBK |
||